000 00625nam a2200193 a 4500
005 20240910064031.0
008 010611s1987 mx r 000 0 spa d
020 _a9681825071
035 _aUPN01000108090
049 _aCG
050 4 _aJF1355
_bJ5.2 1987
100 1 _aJiménez Castro, Wilburg,
_d1924-
_928784
245 1 0 _aAdministración pública para el desarrollo integral :
_binstrumento para la superación de la crisis social y económica /
_cWilburg Jiménez Castro.
250 _a3a ed.
260 _aMéxico :
_bLimusa,
_c1987.
300 _a604 p.
650 4 _aAdministración pública
_9637
905 _aLibro
999 _c82002
_d82002